000 01134cam a22003377a 4500
003 CHAP
005 20220329142641.0
008 020805d2001 mx bd r 00010 spa d
010 _a86040
011 _a87012
020 _a9684272081
035 _a97553
040 _cCHAP
082 0 4 _a333.72
_bB3 1997
100 0 0 _aBassols Batalla, Angel.
_910728
245 1 0 _aRecursos naturales de México
_b: teoría, conocimiento y uso
_c/por Ángel Bassols Batalla
250 _a23 ed. (ampl. y act.)
260 _aMéxico, D.F. :
_bNuestro Tiempo,
_c2001
300 _a353 p.
_b: mapas ; cuadros
490 4 _aLos grandes problemas nacionales
590 _aBATCH-UPD
_b10
_c20130110
_lUCH01
_h1407
590 _aBATCH-UPD
_b10
_c20130410
_lUCH01
_h0856
590 _aBATCH-UPD
_b10
_c20130914
_lUCH01
_h1956
590 _aCONVERSION
_b10
_c20130109
_lUCH01
_h1348
650 1 4 _aRecursos naturales
_xMéxico.
_995299
830 4 _aLos grandes problemas nacionales
_968570
901 _aBK
905 _aMarco A. Mendoza T.
942 _cLIBRO
949 _a333.72 B3 1997
_bBC
_cLIBRO
_d33724000870028
_eLIBRO
_gI.c/e
_h102891
_i97553
_si
_t$120.00
999 _c86040
_d86040